书目信息 |
| 题名: |
C语言编程精解及面试攻略
|
|
| 作者: | 拉奥 著 ;张世武 译 | |
| 分册: | ||
| 出版信息: | 北京 机械工业出版社 2016.09 |
|
| 页数: | 10,349页 | |
| 开本: | 24cm | |
| 丛书名: | ||
| 单 册: | ||
| 中图分类: | TP312C | |
| 科图分类: | ||
| 主题词: | C语言--程序设计 | |
| 电子资源: | ||
| ISBN: | 978-7-111-54764-8 | |
| 000 | 01367nam0 2200277 450 | |
| 001 | 0100004513 | |
| 005 | 20160923110050.8 | |
| 010 | @a978-7-111-54764-8@dCNY69.00 | |
| 100 | @a20160923d2016 em y0chiy50 ea | |
| 101 | 1 | @achi@cinc |
| 102 | @aCN@b110000 | |
| 105 | @aak z 000yy | |
| 106 | @ar | |
| 200 | 1 | @aC语言编程精解及面试攻略@AC yu yan bian cheng jing jie ji mian shi gong lue@dThe ultimate C concepts, programs and interview questions@f(印)R.纳热瓦拉·拉奥(R. Nageswara Rao)著@g张世武译@zeng |
| 210 | @a北京@c机械工业出版社@d2016.09 | |
| 215 | @a10,349页@c图@d24cm | |
| 305 | @a由CareerMonk Publications授权出版 | |
| 330 | @a本书共16章,第1-7章介绍C语言的基础知识,包括数据类型、函数、数组及字符串等。第8-15章介绍C语言的高级概念,其中第8章介绍指针的基本概念及一些复杂概念,如指针的指针、函数指针及回调函数等;第9章讲解结构体和联合体;第10章介绍文件相关知识;第11章探讨命令行参数相关话题;第12章介绍宏与枚举;第13章介绍数据结构相关知识;第14章介绍搜索、排序和合并技术;第15章讨论绘图与动画。第16章介绍C语言中常见库函数。 | |
| 333 | @a计算机技术人员 | |
| 510 | 1 | @aUltimate C concepts, programs and interview questions@zeng |
| 606 | 0 | @aC语言@x程序设计 |
| 690 | @aTP312C@v5 | |
| 701 | 1 | @c(印)@a拉奥@Ala ao@c(Rao, R. Nageswara)@4著 |
| 702 | 0 | @a张世武@Azhang shi wu@4译 |
| 801 | 0 | @aCN@c201701015 |
| 905 | @a河南城建学院图书馆@dTP312C@eL003 | |
| C语言编程精解及面试攻略=The ultimate C concepts, programs and interview questions/(印)R.纳热瓦拉·拉奥(R. Nageswara Rao)著/张世武译.-北京:机械工业出版社,2016.09 |
| 10,349页:图;24cm |
| 使用对象:计算机技术人员 |
| ISBN 978-7-111-54764-8:CNY69.00 |
| 本书共16章,第1-7章介绍C语言的基础知识,包括数据类型、函数、数组及字符串等。第8-15章介绍C语言的高级概念,其中第8章介绍指针的基本概念及一些复杂概念,如指针的指针、函数指针及回调函数等;第9章讲解结构体和联合体;第10章介绍文件相关知识;第11章探讨命令行参数相关话题;第12章介绍宏与枚举;第13章介绍数据结构相关知识;第14章介绍搜索、排序和合并技术;第15章讨论绘图与动画。第16章介绍C语言中常见库函数。 |
| ● |
| 相关链接 |
|
|
|
正题名:C语言编程精解及面试攻略
索取号:TP312C/L003
 
预约/预借
| 序号 | 登录号 | 条形码 | 馆藏地/架位号 | 状态 | 备注 |
| 1 | 1363858 | 213638580 | 自科库301/301自科库 54排2列4层/ [索取号:TP312C/L003] | 在馆 | |
| 2 | 1363859 | 213638599 | 自科库301/301自科库 54排2列4层/ [索取号:TP312C/L003] | 在馆 |